书目信息 |
| 题名: |
列宁论新经济政策
|
|
| 作者: | 中共中央马克思、恩格斯、列宁、斯大林著作编译局 编 | |
| 分册: | ||
| 出版信息: | 北京 人民出版社 1992.09 |
|
| 页数: | 260页 | |
| 开本: | 32开 | |
| 丛书名: | ||
| 单 册: | ||
| 中图分类: | A166 | |
| 科图分类: | ||
| 主题词: | 马恩著作--专题汇编 | |
| 电子资源: | ||
| ISBN: | 7-01-000676-8 | |
| 000 | 00703nam0 2200193 45 | |
| 001 | 0008141547 | |
| 005 | 20000814153843.2 | |
| 010 | @a7-01-000676-8@d3.50元 | |
| 100 | @a20000814d1992 km y0chiy0120 ea | |
| 101 | 0 | @achi |
| 105 | @a z 000yy | |
| 200 | 1 | @a列宁论新经济政策@ALie Ning Lun Xin Jing Ji Zheng Ce@f中共中央马克思、恩格斯、列宁、斯大林著作编译局编@FZhong Gong Zhong Yang Ma Ke Si、En Ge Si、Lie Ning、Si Da Lin Zhu Zuo Bian Yi Ju Bian |
| 210 | @a北京@c人民出版社@d1992.09 | |
| 215 | @a260页@d32开 | |
| 606 | 0 | @a马恩著作@x专题汇编 |
| 690 | @aA166@v3 | |
| 701 | 0 | @a中共中央马克思、恩格斯、列宁、斯大林著作编译局@4编 |
| 801 | @aCN@bPftUser@c20000814 | |
| 905 | @b106148-157@dA166@eZH:965@f10 | |
| 列宁论新经济政策/中共中央马克思、恩格斯、列宁、斯大林著作编译局编.-北京:人民出版社,1992.09 |
| 260页;32开 |
| ISBN 7-01-000676-8:3.50元 |
| ● |
| 相关链接 |
|
|
|
正题名:列宁论新经济政策
索取号:A166/ZH:965
 
预约/预借
| 序号 | 登录号 | 条形码 | 馆藏地/架位号 | 状态 | 备注 |
| 1 | 106148 | 201061484 | 社科库509/509社科库 1排2列2层/ [索取号:A166/ZH:965] | 在馆 | |
| 2 | 106149 | 201061493 | 社科库509/509社科库 1排2列2层/ [索取号:A166/ZH:965] | 在馆 | |
| 3 | 106150 | 201061509 | 社科库509/509社科库 1排2列2层/ [索取号:A166/ZH:965] | 在馆 | |
| 4 | 106151 | 201061518 | 社科库509/509社科库 1排2列2层/ [索取号:A166/ZH:965] | 在馆 | |
| 5 | 106152 | 201061527 | 社科库509/509社科库 1排2列2层/ [索取号:A166/ZH:965] | 在馆 | |
| 6 | 106153 | 201061536 | 社科库509/509社科库 1排2列2层/ [索取号:A166/ZH:965] | 在馆 | |
| 7 | 106154 | 201061545 | 社科库509/509社科库 1排2列2层/ [索取号:A166/ZH:965] | 在馆 | |
| 8 | 106155 | 201061554 | 社科库509/509社科库 1排2列2层/ [索取号:A166/ZH:965] | 在馆 | |
| 9 | 106156 | 201061563 | 社科库509/509社科库 1排2列2层/ [索取号:A166/ZH:965] | 在馆 | |
| 10 | 106157 | 201061572 | 社科库509/509社科库 1排2列2层/ [索取号:A166/ZH:965] | 在馆 |